A textbook of electrical technology / (Record no. 3400)

000 -LEADER
fixed length control field 00416nam a22001337a 4500
008 - FIXED-LENGTH DATA ELEMENTS--GENERAL INFORMATION
fixed length control field 200611b ||||| |||| 00| 0 eng d
082 00 - DEWEY DECIMAL CLASSIFICATION NUMBER
Classification number 621.3
Item number T398
100 ## - MAIN ENTRY--PERSONAL NAME
9 (RLIN) 2829
Personal name Theraja, B. L. and Theraja, A. K.
245 10 - TITLE STATEMENT
Title A textbook of electrical technology /
260 ## - PUBLICATION, DISTRIBUTION, ETC. (IMPRINT)
Place of publication, distribution, etc New Delhi :
Name of publisher, distributor, etc S. Chand Pvt. Ltd.
Date of publication, distribution, etc 2010.
300 ## - PHYSICAL DESCRIPTION
Extent 300p.
650 #0 - SUBJECT ADDED ENTRY--TOPICAL TERM
Topical term or geographic name as entry element Electrical Engineering
942 ## - ADDED ENTRY ELEMENTS (KOHA)
Item type Books
Holdings
Withdrawn status Lost status Source of classification or shelving scheme Damaged status Not for loan Permanent location Current location Date acquired Source of acquisition Full call number Barcode Date last seen Cost, replacement price Koha item type
          IMU Kolkata IMU Kolkata 2012-07-30 Shankars Book Agency 621.3 T398 11590 2020-06-11 425.00 Books
          IMU Kolkata IMU Kolkata 2012-07-30 Shankars Book Agency 621.3 T398 11591 2020-06-11 425.00 Books
Designed and Maintained by IMU-KC Library, Kolkata Campus © Copyright All Rights Reserved

webs counters

Powered by Koha